000
00270nam a22001097a 4500
008
170124b xxu||||| |||| 00| 0 eng d
020
_a
9781582553481
041
_a
eng
080
_2
4TH
_a
618.2
245
_a
MEDICAL-SURGICAL NURSING
_c
HARGROVE-HUTTEL, R.A
942
_2
udc
_c
BK
999
_c
3489
_d
3489